Statistics for Which City in Italy?

Click here to take the quiz!

General Stats

  • This quiz has been taken 15,761 times
  • The average score is 13 of 20

Answer Stats

Description City % Correct
Capital of ItalyRome
100%
Home to many fashion labels including Armani and ValentinoMilan
98%
Third biggest city in Italy. Where pizza comes from.Naples
97%
This World Heritage city has considering capping the number of touristsVenice
96%
Capital of Piedmont. Headquarters of FiatTurin
88%
Dante and Machiavelli were born hereFlorence
85%
"Romeo and Juliet" was set hereVerona
78%
Christopher Columbus's hometownGenoa
75%
Capital of SicilyPalermo
74%
Birthplace of Galileo GalileiPisa
68%
Home of the world's oldest university, founded in 1088Bologna
68%
City that gives its name to a type of ham and a type of cheeseParma
62%
City near Switzerland that is on a lake of the same nameComo
52%
The largest city in Italy's heelBari
48%
Easternmost city in northern ItalyTrieste
44%
This Sicilian city was once the largest Greek colonySyracuse
38%
Capital of SardiniaCagliari
38%
Formerly part of Austria, it was the site of an ecumenical council in the 1500sTrento
29%
Capital of the Roman Empire during its dying daysRavenna
25%
This city in Italy's heel was the end point of the Appian WayBrindisi
22%

Score Distribution

Percentile by Number Answered

Percent of People with Each Score

Your Score History

You have not taken this quiz